आमच्या संमोहन अनुभूती (Record no. 1086006)

MARC details
000 -LEADER
fixed length control field 00702nam a2200205Ia 4500
008 - FIXED-LENGTH DATA ELEMENTS--GENERAL INFORMATION
fixed length control field 151119s9999||||xx |||||||||||||| ||und||
082 ## - DEWEY DECIMAL CLASSIFICATION NUMBER
Classification number 133नाईक/आमच्या
082 ## - DEWEY DECIMAL CLASSIFICATION NUMBER
Item number GKKV33711
100 ## - MAIN ENTRY--PERSONAL NAME
Personal name नाईक मनोहर
245 ## - TITLE STATEMENT
Title आमच्या संमोहन अनुभूती
260 ## - PUBLICATION, DISTRIBUTION, ETC. (IMPRINT)
Place of publication, distribution, etc मुंबई
260 ## - PUBLICATION, DISTRIBUTION, ETC. (IMPRINT)
Name of publisher, distributor, etc शुभदा प्रकाशन
260 ## - PUBLICATION, DISTRIBUTION, ETC. (IMPRINT)
Date of publication, distribution, etc 2005
300 ## - PHYSICAL DESCRIPTION
Extent 232p.
600 ## - SUBJECT ADDED ENTRY--PERSONAL NAME
Personal name नाईक मनोहर
630 ## - SUBJECT ADDED ENTRY--UNIFORM TITLE
Uniform title आमच्या संमोहन अनुभूती
700 ## - ADDED ENTRY--PERSONAL NAME
Personal name नाईक मनोहर
730 ## - ADDED ENTRY--UNIFORM TITLE
Uniform title आमच्या संमोहन अनुभूती
942 ## - ADDED ENTRY ELEMENTS (KOHA)
Koha item type Book
Holdings
Withdrawn status Lost status Damaged status Not for loan Home library Current library Date acquired Cost, normal purchase price Total Checkouts Full call number Barcode Date last seen Cost, replacement price Price effective from Koha item type
        G.K. Khandekar Vachanalaya, Mulund G.K. Khandekar Vachanalaya, Mulund 08/26/2014 0.00   GKKV33711 GKKV33711 11/19/2015 0.00 11/19/2015 Book